| 000 | 00939cab a2200265 4500 | ||
|---|---|---|---|
| 001 | ABS56207 | ||
| 008 | 090401t1996 xxu||||| |||| 00| 0 eng d | ||
| 035 | _a(Sirsi) u21908 | ||
| 041 | _aeng | ||
| 100 | _aSmith, G. | ||
| 245 | _aDream homes... | ||
| 260 | _c1996 | ||
| 350 | _a0 | ||
| 490 |
_aPlanning Week _v4(45) 7 November 1996, 16(1) |
||
| 520 | _aAsks whether, in the light of increasing projected national household growth, regional planning guidance should be held back for a review of the whole plan, or they should be published, with the impact of the new projections examined? Considers the issues as experienced by the West Midlands forum. | ||
| 650 | _aHOUSEHOLD PROJECTIONS | ||
| 650 | _aLOCAL DEVELOPMENT PLANS | ||
| 650 | _aREGIONAL PLANNING GUIDANCE | ||
| 650 | _aREGIONAL PLANNING | ||
| 650 | _aRPG11 | ||
| 650 | _aWEST MIDLANDS | ||
| 690 | _aHOUSING-DEVELOPMENT | ||
| 942 | _n0 | ||
| 948 | _c04/03/1997 | ||
| 999 |
_c14682 _d14682 |
||